| 000 | 00712nam a2200217 i 4500 | ||
|---|---|---|---|
| 001 | 43219 | ||
| 003 | ES-MaACL | ||
| 005 | 20250904063045.0 | ||
| 007 | t| | ||
| 008 | 030317s1981 sp ||||1| spa d | ||
| 100 | 1 |
_aCastro y Bravo, Federico de, _d1903-1983 _936965 |
|
| 245 | 1 | 3 |
_aLa persona jurídica / _cFederico de Castro y Bravo ; nota introductora de Manuel Amorós Guardiola. |
| 260 |
_a[Madrid] : _bCivitas, _c[1981] |
||
| 300 |
_a310 p. ; _c20 cm. |
||
| 490 | 1 | _aMonografías Civitas | |
| 650 | 0 | 4 |
_aPersonas jurídicas. _915979 |
| 700 | 1 |
_aAmorós Guardiola, Manuel. _921320 |
|
| 830 | 0 | 0 |
_aMonografías Civitas _9178627 |
| 852 |
_aES-MaACL _jL-2051 _bR.103075 |
||
| 999 |
_c43219 _d43219 |
||